000 00873nam a22002657a 4500
999 _c95464
_d95464
005 20230317153220.0
010 _a1516EN07 ENG-113783 ENG-136365
020 _a9789351434900
_c995.00
035 _aEN-97315
035 _aEN-119897
035 _aB-612134-155
037 _bDBAD/PUB
037 _bUBH/Ven
_aDPL
082 _a345.54
100 _aGaur, K.D.
245 _aCriminal law :
_bCases & materials /
_cBy K.D. Gaur
250 _a8th ed
260 _aGurgaon
_bLexisNexis
_c2015
270 _a14th Floor, Building No.10, Tower-B, DLF Cyber City, Phase-II
_bGurgaon
_e122002
300 _alxiv,1056p.
_c25cm(Hb)
500 _aIncludes index
760 _b4th ed
942 _2ddc
_cEN
_mGAU
_h345.54